| Tag |
First Indicator |
Second Indicator |
Subfields |
| LEADER |
00000cam a22000001 4500 |
| 001 |
in00000062022 |
| 005 |
20180310063100.0 |
| 008 |
711013s1966 nyu b 00110 eng |
| 010 |
|
|
|a 66014925
|
| 035 |
|
|
|a (OCoLC)02360263
|
| 035 |
|
|
|9 AAG5736AM
|
| 040 |
|
|
|a DLC
|c DLC
|d TXA
|d UtOrBLW
|
| 049 |
|
|
|a TXAM
|c [463097]
|
| 050 |
0 |
0 |
|a BD175
|b .B4
|
| 082 |
0 |
|
|a 301.01
|
| 090 |
|
|
|a BD175
|b .B47 1966
|
| 092 |
|
|
|a 121
|b B496s
|
| 100 |
1 |
|
|a Berger, Peter L.,
|d 1929-2017.
|
| 245 |
1 |
4 |
|a The social construction of reality :
|b a treatise in the sociology of knowledge /
|c by Peter L. Berger and Thomas Luckmann.
|
| 250 |
|
|
|a 1st ed.
|
| 264 |
|
1 |
|a Garden City, N.Y. :
|b Doubleday,
|c 1966.
|
| 300 |
|
|
|a vii, 203 pages ;
|c 21 cm.
|
| 336 |
|
|
|a text
|b txt
|2 rdacontent
|
| 337 |
|
|
|a unmediated
|b n
|2 rdamedia
|
| 338 |
|
|
|a volume
|b nc
|2 rdacarrier
|
| 504 |
|
|
|a Includes bibliographical references and indexes.
|
| 650 |
|
0 |
|a Knowledge, Sociology of.
|
| 700 |
1 |
|
|a Luckmann, Thomas.
|
| 999 |
|
|
|a MARS
|
| 999 |
f |
f |
|s 681c9037-9371-3554-8439-9003e5a079c3
|i 46dde9a5-f12b-37fd-a65c-e9c352412dfa
|t 0
|
| 952 |
f |
f |
|p normal
|a Texas A&M University
|b College Station
|c Sterling C. Evans Library
|d Evans: Library Stacks
|t 0
|e BD175 .B47 1966
|h Library of Congress classification
|i unmediated -- volume
|m A14800507449
|
| 998 |
f |
f |
|a BD175 .B47 1966
|t 0
|l Evans: Library Stacks
|